| 000 | 01754njm0a2200397 4500 | ||
|---|---|---|---|
| 001 | RU\NLR\ONIZ\224299 | ||
| 005 | 20250708192905.0 | ||
| 035 | _a(NLR Aleph) 011903371 | ||
| 035 | _aRU\NLR\ONIZ\GALA\5000033550\20181022163849 | ||
| 071 | 0 | 0 | _aG.C.-2-22685 |
| 090 |
_a13283715 _c13283715 |
||
| 100 | _a20181022f19001999|||y0rusy50 ca | ||
| 102 | _aRU | ||
| 126 |
_aaduxdxu ux _bxxx |
||
| 127 | _a000006 | ||
| 135 | _ahonoannnanndn | ||
| 200 | 1 |
_aНе плачь дитя _bЗвукозапись _e[Романс Демона] из оперы "Демонъ" _f[А. Г. Рубинштейн] _gисполн.: А. М. Брагин (баритонъ), ST. Petersburg |
|
| 210 |
_aRiga _cGramophone concert record _d[19--] |
||
| 215 | _a1грп.(06 мин): 78 об/мин, моно; 25 см, в конв. | ||
| 300 | _aгрп. односторонняя | ||
| 500 | 0 | 0 |
_aДемон _iария Демона _bЗвукозапись _lопера _rбаритон и фп. |
| 606 | 1 |
_aОперные певцы начала 20 века _xЗвукозапись _yРоссия _z20 в. _2nlr_sh |
|
| 686 |
_aЩ943.2-071(28) _vLBC/SL _2rubbk |
||
| 700 | 1 |
_9z01790 _aРубинштейн _bА. Г. _f1829–1894 _gАнтон Григорьевич _4230 _7ca |
|
| 702 | 1 |
_9z02790 _aБрагин _bА. М. _f1881-1953 _gАлександр Михайлович _4590 _4vbr _7ca |
|
| 790 | 1 |
_9z01700 _aRubinštejn _bA. G. _f1829–1894 _gAnton Grigor`evič _4230 _7ba |
|
| 790 | 1 |
_9z02702 _aBragin _bA. _f1881-1953 _gAleksandr _4590 _4vbr _7ba |
|
| 801 | 0 |
_aRU _bNLR _c20181022 _gPSBO |
|
| 801 | 1 |
_aRU _bNLR _c20181022 _2rusmarc |
|
| 801 | 2 |
_aRU _bNLR _c20181024 |
|
| 852 |
_aNLR _bМг _j2к/2641 _p7954 _t1 |
||
| 942 | _cREC | ||
| 980 | _aNB | ||
| 980 | _aONIZ | ||